Métodos estadísticos : (Registro nro. 80371)
[ vista simple ]
| 000 -LEADER | |
|---|---|
| campo de control de longitud fija | 01664nam a2200421 i 4500 |
| 001 - NÚMERO DE CONTROL | |
| campo de control | 80371 |
| 003 - IDENTIFICADOR DE NÚMERO DE CONTROL | |
| campo de control | FlNmELB |
| 005 - FECHA Y HORA DE LA ÚLTIMA TRANSACCIÓN | |
| campo de control | 20241217151741.0 |
| 006 - CÓDIGOS DE INFORMACIÓN DE LONGITUD FIJA--CARACTERÍSTICAS DEL MATERIAL ADICIONAL | |
| campo de control de longitud fija | m o d | |
| 007 - CAMPO FIJO DE DESCRIPCIÓN FÍSICA--INFORMACIÓN GENERAL | |
| campo de control de longitud fija | cr cnu|||||||| |
| 008 - DATOS DE LONGITUD FIJA--INFORMACIÓN GENERAL | |
| campo de control de longitud fija | 181111s2017 sp a o 000 0 spa d |
| 020 ## - NÚMERO INTERNACIONAL ESTÁNDAR DEL LIBRO | |
| ISBN cancelado o inválido | 9788490486672 |
| 020 ## - NÚMERO INTERNACIONAL ESTÁNDAR DEL LIBRO | |
| Número Internacional Estándar del Libro | 9788490486689 (e-book) |
| 035 ## - NÚMERO DE CONTROL DEL SISTEMA | |
| Número de control de sistema | (MiAaPQ)EBC5426109 |
| 035 ## - NÚMERO DE CONTROL DEL SISTEMA | |
| Número de control de sistema | (Au-PeEL)EBL5426109 |
| 035 ## - NÚMERO DE CONTROL DEL SISTEMA | |
| Número de control de sistema | (OCoLC)1105924822 |
| 040 ## - FUENTE DE CATALOGACIÓN | |
| Centro catalogador/agencia de origen | FINmELB |
| Lengua de catalogación | spa |
| Normas de descripción | rda |
| Centro/agencia transcriptor | FINmELB |
| 050 #4 - SIGNATURA TOPOGRÁFICA DE LA BIBLIOTECA DEL CONGRESO | |
| Número de clasificación | QA276.2 |
| Número de ítem | C921 2017 |
| 080 ## - NÚMERO DE LA CLASIFICACIÓN DECIMAL UNIVERSAL | |
| Número de la Clasificación Decimal Universal | 519.2(076.3) |
| 082 0# - NÚMERO DE LA CLASIFICACIÓN DECIMAL DEWEY | |
| Número de clasificación | 519.5076 |
| Información de edición | 23 |
| 100 1# - ENTRADA PRINCIPAL--NOMBRE DE PERSONA | |
| Nombre de persona | Crespo Abril, Fortunato. |
| 245 10 - MENCIÓN DEL TÍTULO | |
| Título | Métodos estadísticos : |
| Resto del título | ejercicios resueltos y teoría / |
| Mención de responsabilidad, etc. | Fortunato Crespo Abril. |
| 264 #1 - PRODUCCIÓN, PUBLICACIÓN, DISTRIBUCIÓN, FABRICACIÓN Y COPYRIGHT | |
| Producción, publicación, distribución, fabricación y copyright | Valencia : |
| Nombre del de productor, editor, distribuidor, fabricante | Editorial de la Universidad Politécnica de Valencia, |
| Fecha de producción, publicación, distribución, fabricación o copyright | 2017. |
| 300 ## - DESCRIPCIÓN FÍSICA | |
| Extensión | 1 recurso en línea (vi, 330 páginas) : |
| Otras características físicas | ilustraciones |
| 336 ## - TIPO DE CONTENIDO | |
| Término de tipo de contenido | texto |
| Código de tipo de contenido | txt |
| Fuente | rdacontent/spa |
| 337 ## - TIPO DE MEDIO | |
| Nombre/término del tipo de medio | computadora |
| Código del tipo de medio | c |
| Fuente | rdamedia/spa |
| 338 ## - TIPO DE SOPORTE | |
| Nombre/término del tipo de soporte | recurso en línea |
| Código del tipo de soporte | cr |
| Fuente | rdacarrier/spa |
| 490 1# - MENCIÓN DE SERIE | |
| Mención de serie | Colección Académica |
| 588 ## - NOTA DE FUENTE DE LA DESCRIPCIÓN | |
| Nota de fuente de la descripción | Descripción basada en recurso en línea; Título de la página del título en PDF (e-libro, visto November 11, 2018). |
| 590 ## - NOTA LOCAL (RLIN) | |
| Nota local | Recurso electrónico. Santa Fe, Arg.: e-libro, 2018. Disponible vía World Wide Web. El acceso puede estar limitado para las bibliotecas afiliadas a e-libro. |
| 650 #0 - PUNTO DE ACCESO ADICIONAL DE MATERIA--TÉRMINO DE MATERIA | |
| Término de materia o nombre geográfico como elemento de entrada | Mathematical statistics |
| Subdivisión de forma | Problems, exercises, etc. |
| 650 #0 - PUNTO DE ACCESO ADICIONAL DE MATERIA--TÉRMINO DE MATERIA | |
| Término de materia o nombre geográfico como elemento de entrada | Statistical methods. |
| 650 #4 - PUNTO DE ACCESO ADICIONAL DE MATERIA--TÉRMINO DE MATERIA | |
| Término de materia o nombre geográfico como elemento de entrada | Matemáticas estadísticas. |
| 655 #4 - TERMINO DE INDIZACIÓN--GENERO/FORMA | |
| Datos o término principal de género/forma | Libros electrónicos. |
| 797 2# - PUNTO DE ACCESO ADICIONAL LOCAL--NOMBRE DE ENTIDAD CORPORATIVA (RLIN) | |
| Nombre de entidad corporativa o nombre de jurisdicción como elemento de entrada | e-libro, Corp. |
| 830 #0 - PUNTO DE ACCESO ADICIONAL DE SERIE-TÍTULO UNIFORME | |
| Título uniforme | Colección Académica. |
| 856 40 - LOCALIZACIÓN Y ACCESO ELECTRÓNICOS | |
| Identificador Uniforme de Recurso | <a href="https://elibro.net/ereader/politecnicointernacional/57453">https://elibro.net/ereader/politecnicointernacional/57453</a> |
No hay ítems disponibles.